| 000 | 00539nam a2200229Ia 4500 | ||
|---|---|---|---|
| 003 | IT-RoPAU | ||
| 008 | 120407s9999 xx 000 0 und d | ||
| 040 | _aIT-RoPAU | ||
| 040 | _cIT-RoPAU | ||
| 041 | _aita | ||
| 100 | _aRaymond A. Moody jr. | ||
| 245 | _aLa vita oltre la vita. Studi e rivelazioni sul fenomeno della sopravvivenza. | ||
| 250 | _aMilano | ||
| 260 | _aMondadori Arnoldo | ||
| 260 | _c1989 | ||
| 300 | _a139 p. | ||
| 300 | _c18,5 cm | ||
| 490 | _aOscar Arcana | ||
| 490 | _v14 | ||
| 942 | _cBK | ||
| 999 |
_c25513 _d25513 |
||